Xử lý hành vi lừa đảo chiếm đoạt tài sản - Thực trạng áp dụng trong lĩnh vực ngân hàng : Luận văn Thạc sĩ Luật học. Chuyên ngành Luật kinh tế
Trình bày cơ sở lý luận và pháp lý, thực trạng về hành vi lừa đảo chiếm đoạt tài sản trong lĩnh vực ngân hàng, bất cập và giải pháp xử lý hành vi lừa đảo chiếm đoạt tài sản trong lĩnh vực ngân hàng....
Salvato in:
| Autore principale: | |
|---|---|
| Natura: | Libro |
| Lingua: | Undetermined |
| Pubblicazione: |
Cần Thơ
Trường Đại học Cần Thơ
2017
|
| Soggetti: | |
| Tags: |
Aggiungi Tag
Nessun Tag, puoi essere il primo ad aggiungerne! !
|
| Thư viện lưu trữ: | Trung tâm Học liệu Trường Đại học Cần Thơ |
|---|
| LEADER | 01157nam a2200217Ia 4500 | ||
|---|---|---|---|
| 001 | CTU_224870 | ||
| 008 | 210402s9999 xx 000 0 und d | ||
| 082 | |a 346.597082 | ||
| 082 | |b Th500 | ||
| 100 | |a Vũ, Thị Lệ Thu | ||
| 245 | 0 | |a Xử lý hành vi lừa đảo chiếm đoạt tài sản - Thực trạng áp dụng trong lĩnh vực ngân hàng : | |
| 245 | 0 | |b Luận văn Thạc sĩ Luật học. Chuyên ngành Luật kinh tế | |
| 245 | 0 | |c Vũ Thị Lệ Thu ; Phạm Văn Beo (Cán bộ hướng dẫn) | |
| 260 | |a Cần Thơ | ||
| 260 | |b Trường Đại học Cần Thơ | ||
| 260 | |c 2017 | ||
| 520 | |a Trình bày cơ sở lý luận và pháp lý, thực trạng về hành vi lừa đảo chiếm đoạt tài sản trong lĩnh vực ngân hàng, bất cập và giải pháp xử lý hành vi lừa đảo chiếm đoạt tài sản trong lĩnh vực ngân hàng. | ||
| 650 | |a Luật ngân hàng,Banking law | ||
| 650 | |z Việt Nam,Vietnam | ||
| 910 | |b nthai | ||
| 980 | |a Trung tâm Học liệu Trường Đại học Cần Thơ | ||